Meilleur defense spe 2g - Statistiques

Statistiques générales
  • Ce quiz a été pris 9 fois
  • Le résultat moyen est 18 sur 21
Statistiques - réponses
Hint Réponse % Correct
230 caratroc
100%
100 celebi
100%
140 demanta
100%
154 ho-oh
100%
110 kapoera
100%
135 leuphorie
100%
154 lugia
100%
100 mega cizayox
100%
100 meganium
100%
110 mega pharamp
100%
105 mega scarhino
100%
120 mega tyranocif
100%
130 noctali
100%
105 togetic
100%
100 tyranocif
100%
100 joliflor
67%
110 roigada
67%
115 suicune
67%
100 tarpaud
67%
110 coxyclaque
33%
100 raikou
33%
Aucun quiz correspondant
Distribution des résultats
% des personnes avec chaque résultat
Percentile par nombre de réponses
Votre historique - résultats
Vous n’avez pas pris ce quiz